| 000 | 00385 a2200133 4500 | ||
|---|---|---|---|
| 001 | 90989 | ||
| 082 | _aPR 1809 | ||
| 090 |
_c43131 _d43131 |
||
| 100 | _aMohsin Waris; Dr. Mudassir Iqbal and Shahid Baqar (Advisors) | ||
| 245 |
_aDevelopment of LAB Model of Laser Warning system _n76th 'B' EC |
||
| 260 |
_aRawalpindi _bNUST _c2014 |
||
| 300 | _aviii;79p | ||
| 500 | _aBE Project Reports | ||
| 942 |
_aCAE NUST _kPR 1809 |
||
| 999 |
_c326062 _d326062 |
||